<?xml version="1.0" encoding="UTF-8"?>
<record
    xmlns:xsi="http://www.w3.org/2001/XMLSchema-instance"
    xsi:schemaLocation="http://www.loc.gov/MARC21/slim http://www.loc.gov/standards/marcxml/schema/MARC21slim.xsd"
    xmlns="http://www.loc.gov/MARC21/slim">

  <leader>01365nam a2200301 a 4500</leader>
  <controlfield tag="001"> </controlfield>
  <controlfield tag="003">DO-SdBNP</controlfield>
  <controlfield tag="005">20250318153806.0</controlfield>
  <controlfield tag="008">101011s19uu  sp          000 0 spa d</controlfield>
  <datafield tag="040" ind1=" " ind2=" ">
    <subfield code="a">DO-SdBNP</subfield>
    <subfield code="b">spa</subfield>
    <subfield code="c">BNPHU</subfield>
  </datafield>
  <datafield tag="049" ind1=" " ind2=" ">
    <subfield code="a"> </subfield>
  </datafield>
  <datafield tag="082" ind1=" " ind2=" ">
    <subfield code="a">970.016</subfield>
    <subfield code="b">C335hi</subfield>
    <subfield code="2">22</subfield>
  </datafield>
  <datafield tag="100" ind1="1" ind2=" ">
    <subfield code="a">Casas, Bartolom&#xE9; de las</subfield>
    <subfield code="e">Fray</subfield>
    <subfield code="d">1474 -1566</subfield>
    <subfield code="9">46241</subfield>
  </datafield>
  <datafield tag="245" ind1="1" ind2="0">
    <subfield code="a">Historia de las Indias /</subfield>
    <subfield code="c">Fray Bartolom&#xE9; de las Casas ; pr&#xF3;logo Gonzalo de Reparaz</subfield>
  </datafield>
  <datafield tag="260" ind1=" " ind2=" ">
    <subfield code="a">Madrid :</subfield>
    <subfield code="b"> M. Aguilar,</subfield>
    <subfield code="c">[193-?]</subfield>
  </datafield>
  <datafield tag="300" ind1=" " ind2=" ">
    <subfield code="a">3 v. ;</subfield>
    <subfield code="c">22 cm.</subfield>
  </datafield>
  <datafield tag="500" ind1=" " ind2=" ">
    <subfield code="a">Incluye referencias bibliogr&#xE1;ficas y notas al pie de las p&#xE1;ginas </subfield>
  </datafield>
  <datafield tag="500" ind1=" " ind2=" ">
    <subfield code="a">Contiene una carta manuscrita de Fray Bartolom&#xE9; de las Casas, y biografiada por el (p. 1)</subfield>
  </datafield>
  <datafield tag="505" ind1="0" ind2=" ">
    <subfield code="a">Fray Bartolom&#xE9; de las Casas. su tiempo y su obra.</subfield>
    <subfield code="g">v.1 :</subfield>
    <subfield code="t"> Historia de las Indias : Libro primero : Desde la creaci&#xF3;n del cielo y de la tierra hasta la merced que los reyes le hicieron en este a&#xF1;o de 1947.</subfield>
  </datafield>
  <datafield tag="590" ind1=" " ind2=" ">
    <subfield code="a">Inventariado,2020/VM</subfield>
  </datafield>
  <datafield tag="600" ind1=" " ind2="0">
    <subfield code="a">COL&#xD3;N, CRISTOBAL,</subfield>
    <subfield code="d">1436-1456</subfield>
    <subfield code="9">19795</subfield>
  </datafield>
  <datafield tag="650" ind1=" " ind2="4">
    <subfield code="a">Trato a los ind&#xED;genas</subfield>
    <subfield code="z">Am&#xE9;rica Latina</subfield>
    <subfield code="9">18560</subfield>
  </datafield>
  <datafield tag="651" ind1=" " ind2="4">
    <subfield code="a">Am&#xE9;rica --</subfield>
    <subfield code="x">Descubrimiento y exploraci&#xF3;n  --</subfield>
    <subfield code="x">Espa&#xF1;oles</subfield>
    <subfield code="9">544</subfield>
    <subfield code="v">Ensayo, conferencias, etc.</subfield>
  </datafield>
  <datafield tag="651" ind1=" " ind2="4">
    <subfield code="a">Espa&#xF1;a</subfield>
    <subfield code="x">Colonias</subfield>
    <subfield code="x">Am&#xE9;rica</subfield>
    <subfield code="9">830</subfield>
  </datafield>
  <datafield tag="700" ind1="1" ind2=" ">
    <subfield code="a">Reparaz, Gonzalo de </subfield>
    <subfield code="9">546</subfield>
    <subfield code="e">pr&#xF3;l.</subfield>
  </datafield>
  <datafield tag="910" ind1=" " ind2=" ">
    <subfield code="a">VMateo / Validado. Control de calidad MFF</subfield>
  </datafield>
  <datafield tag="942" ind1=" " ind2=" ">
    <subfield code="2">ddc</subfield>
    <subfield code="c">LBS1</subfield>
  </datafield>
  <datafield tag="952" ind1=" " ind2=" ">
    <subfield code="0">0</subfield>
    <subfield code="1">0</subfield>
    <subfield code="2">ddc</subfield>
    <subfield code="5">3</subfield>
    <subfield code="7">2</subfield>
    <subfield code="8">RV</subfield>
    <subfield code="a">BNPHU</subfield>
    <subfield code="b">PD</subfield>
    <subfield code="c">HD</subfield>
    <subfield code="d">2020-12-14</subfield>
    <subfield code="l">0</subfield>
    <subfield code="o">BNPHU PD RV 970.016 C335hi  </subfield>
    <subfield code="p">2020-0705</subfield>
    <subfield code="r">2020-12-14</subfield>
    <subfield code="t">v.1</subfield>
    <subfield code="w">2020-12-14</subfield>
    <subfield code="y">LBS1</subfield>
  </datafield>
  <datafield tag="952" ind1=" " ind2=" ">
    <subfield code="0">0</subfield>
    <subfield code="1">0</subfield>
    <subfield code="2">ddc</subfield>
    <subfield code="5">1</subfield>
    <subfield code="7">2</subfield>
    <subfield code="8">RV</subfield>
    <subfield code="a">BNPHU</subfield>
    <subfield code="b">PD</subfield>
    <subfield code="c">HD</subfield>
    <subfield code="d">2020-12-14</subfield>
    <subfield code="l">0</subfield>
    <subfield code="o">BNPHU PD RV 970.016 C335hi  </subfield>
    <subfield code="p">2020-0707</subfield>
    <subfield code="r">2020-12-14</subfield>
    <subfield code="t">v.2</subfield>
    <subfield code="w">2020-12-14</subfield>
    <subfield code="y">LBS1</subfield>
  </datafield>
  <datafield tag="952" ind1=" " ind2=" ">
    <subfield code="0">0</subfield>
    <subfield code="1">0</subfield>
    <subfield code="2">ddc</subfield>
    <subfield code="5">1</subfield>
    <subfield code="7">1</subfield>
    <subfield code="8">RV</subfield>
    <subfield code="a">BNPHU</subfield>
    <subfield code="b">PD</subfield>
    <subfield code="c">HD</subfield>
    <subfield code="d">2020-12-14</subfield>
    <subfield code="l">0</subfield>
    <subfield code="o">BNPHU PD RV 970.016 C335hi  </subfield>
    <subfield code="p">2020-0706</subfield>
    <subfield code="r">2020-12-14</subfield>
    <subfield code="t">v.3</subfield>
    <subfield code="w">2020-12-14</subfield>
    <subfield code="y">LBS1</subfield>
  </datafield>
  <datafield tag="999" ind1=" " ind2=" ">
    <subfield code="c">49276</subfield>
    <subfield code="d">49276</subfield>
  </datafield>
</record>
